000 01130naa a22003137a 4500
001 BR7801116
003 BR-BrBNA
005 20250721155427.0
007 ta
008 250630b bl.|||m| |||| 00| 0 por d
040 _aBR-BrBNA
_bpor
_cBiblioteca Nacional de Agricultura
041 _a(Pt)
072 _aH10; H20
_b2120
_b4050
_b3879
090 _aH10 BR7801116
100 1 _aMoraes, M.V. de
111 1 _a2. Reuniao de Nematologia
_cPiracicaba, SP (Brazil)
_d14 Sep 1976
245 1 _aSistemicos no controle de nematoides em viveiros de mudas de cafe
500 _aTrabalhos apresentados a 2. Reuniao de Nematologia Piracicaba, SP (Brasil): 1977. p. 245-248 [Summary (En)] (BR7801116-AMS)
773 0 _tTrabalhos apresentados a 2. Reuniao de Nematologia
_wH10 BR7801116
_gPiracicaba, SP (Brasil), 1977. p. 245-248
650 _aCafe
650 _aViveiro
650 _aMuda
650 _aNematoide
650 _aNematicida Sistemico
650 _aControle Quimico
490 _aPublicacao - Sociedade Brasileira de Nematologia (Brazil)
_vno. 2
942 _cAMS
_2AGRIS
909 _a202506
_bLúcia
_c55
_dLúcia Elande
999 _c336429
_d336429